000 00566nam a22002057a 4500
001 9878
003 BD-RjUL
005 20211208234845.0
008 140122s1964 pk 000 0 eng d
035 _a(BD-RjUL)9923
040 _aBD-RjUL
_beng
_cBD-RjUL
041 _aeng
082 _a345.5491
_bIQO 1964
_223
100 1 _aIqbal, M.
_930522
245 1 0 _aOutlines of english criminal law /
_cM. Iqbal.
260 _aLahor :
_bAll Pakistan legal decisions,
_c[1964].
300 _avii, 231 p ;
_c24 cm.
650 0 _aCriminal law.
_zPakistan
_930523
942 _2ddc
_cBK
999 _c9878
_d9878